Աստվածային կատակերգություն : (Record no. 5125)
[ view plain ]
| 000 -LEADER | |
|---|---|
| fixed length control field | 00961nam a2200241 a 4500 |
| 001 - CONTROL NUMBER | |
| control field | 000017250 |
| 003 - CONTROL NUMBER IDENTIFIER | |
| control field | AM-YEHGA |
| 005 - DATE AND TIME OF LATEST TRANSACTION | |
| control field | 20250618070746.0 |
| 008 - FIXED-LENGTH DATA ELEMENTS--GENERAL INFORMATION | |
| fixed length control field | 981222s1952 ai ac|||r|||||||||1|arm|d |
| 040 ## - CATALOGING SOURCE | |
| Original cataloging agency | AM-YeHGA |
| 041 1# - LANGUAGE CODE | |
| Language code of text/sound track or separate title | arm |
| 090 ## - LOCALLY ASSIGNED LC-TYPE CALL NUMBER (OCLC); LOCAL CALL NUMBER (RLIN) | |
| -- | 5164 |
| 100 1# - MAIN ENTRY--PERSONAL NAME | |
| Personal name | Դանտե, Ալիգիերի, |
| Dates associated with a name | 1265-1321 |
| 245 10 - TITLE STATEMENT | |
| Title | Աստվածային կատակերգություն : |
| Remainder of title | Քավարան / |
| Statement of responsibility, etc. | Ա. Դանթե ; Թարգմ.՝ Ա. Տայան ; Խմբ.՝ Ավ. Իսահակյան. |
| 260 ## - PUBLICATION, DISTRIBUTION, ETC. | |
| Place of publication, distribution, etc. | Երևան : |
| Name of publisher, distributor, etc. | Հայպետհրատ, |
| Date of publication, distribution, etc. | 1952. |
| 300 ## - PHYSICAL DESCRIPTION | |
| Extent | 259 էջ ; |
| Other physical details | դիմանկ., նկ. ; |
| Dimensions | 26 սմ. |
| 504 ## - BIBLIOGRAPHY, ETC. NOTE | |
| Bibliography, etc. note | Ծանոթագր., էջ՝193-257 |
| 504 ## - BIBLIOGRAPHY, ETC. NOTE | |
| Bibliography, etc. note | Բառարան, էջ՝259-262 |
| 650 14 - SUBJECT ADDED ENTRY--TOPICAL TERM | |
| Topical term or geographic name entry element | Իտալական գրականություն |
| 700 1# - ADDED ENTRY--PERSONAL NAME | |
| Personal name | Տայան, Արբուն Նիկողոսի, |
| Dates associated with a name | 1912-1983 |
| Relator term | թարգմ. |
| Relationship | trl |
| 9 (RLIN) | 2824 |
| 700 1# - ADDED ENTRY--PERSONAL NAME | |
| Personal name | Իսահակյան, Ավետիք Սահակի, |
| Dates associated with a name | 1875-1957 |
| Relator term | խմբ. |
| Relationship | edt |
| 9 (RLIN) | 963 |
| 942 ## - ADDED ENTRY ELEMENTS (KOHA) | |
| Source of classification or shelving scheme | Universal Decimal Classification |
| Koha item type | Գրքեր / Books |
| Withdrawn status | Lost status | Damaged status | Not for loan | Collection | Home library | Current library | Date acquired | Total checkouts | Full call number | Barcode | Date last seen | Cost, replacement price | Price effective from | Koha item type | Public note | Source of classification or shelving scheme |
|---|---|---|---|---|---|---|---|---|---|---|---|---|---|---|---|---|
| General | Fundamental Scientific Library | Fundamental Scientific Library | 21/12/2016 | AIII/1527 | FL0063216 | 21/12/2016 | 10.00 | 21/12/2016 | Գրքեր / Books | 30 Days Loan | ||||||
| General | Fundamental Scientific Library | Fundamental Scientific Library | 21/12/2016 | AIII/1528 | FL0063246 | 21/12/2016 | 10.00 | 21/12/2016 | Գրքեր / Books | 30 Days Loan | ||||||
| General | Fundamental Scientific Library | Fundamental Scientific Library | 21/12/2016 | AIII/1529 | FL0063247 | 21/12/2016 | 10.00 | 21/12/2016 | Գրքեր / Books | 30 Days Loan | ||||||
| General | Fundamental Scientific Library | Fundamental Scientific Library | 21/12/2016 | AIII/1530 | FL0063217 | 21/12/2016 | 10.00 | 21/12/2016 | Գրքեր / Books | 30 Days Loan | ||||||
| Kusikian Individual Collection | Fundamental Scientific Library | Fundamental Scientific Library | 08/09/2020 | Կուս/749 | FL0624523 | 08/09/2020 | 08/09/2020 | Գրքեր / Books | ILL Non-Circ | Universal Decimal Classification |
ՀՀ Գիտությունների ազգային ակադեմիայի հիմնարար գիտական գրադարան = Fundamental Scientific Library of NAS RA
All site content, except where otherwise noted, is licensed under a